000 00998nam a2200277 a 4500
001 BRCA_721
005 20190320203124.0
008 040928s2004 mx-a---##c---#000-0#spa-#
020 _a9706830979
040 _aDLC
_cDLC
041 _aspa
041 _aeng
050 4 _aNK844
_b.U86 10
_c2004
245 1 0 _aArt Nouveau
_cFrancisco de la Maza ... [et al.].
260 _aMéxico
_bMuseo Franz Mayer : Artes de México
_c2004
300 _a102 p.
_bil. (algunas a color)
_c23 cm.
440 0 _aColección Uso y estilo
_v10
_92370
500 _aCatálogo de la exposición relizada en el Museo Franz Mayer (Ciudad de México), 26 febrero - 30 marzo, 2004
500 _a2 ejemplares en Biblioteca
546 _aTexto en : español e inglés
650 1 4 _aDecoración y ornamentación
_vExposiciones
_xArt Nouveau
_92371
653 0 _aCasa Requena - Ciudad de México
700 1 _aMaza, Francisco de la
_d1913-1972
_9278
710 2 _aMuseo Franz Mayer (Ciudad de México)
_92266
942 _2lcc
_cB
999 _c622
_d622